01021nam a2200253 a 4500008004100000020003200041040002500073041001300098044001100111080001500122100002800137245021400165250001300379260005400392300002800446490004800474500008900522700003200611700002400643700002900667700002200696700002500718700002400743951121s1986||||[C 0 slo c c38 Kčs. q(18500 výtl.) aSNKbslocSNKeAACR21 aslohfre axocSK a840-3(081)1 aMaupassant, Guy de4aut10aPierre a Jean. Nedele Parížskeho meštiaka. Márna krása. Slečna FificGuy de Maupassant ; Miroslava Bártová, Anton Vantuch, Alica Wursterová, Pavel Hrach, Ján Hladík, Anton Vantuchp2.DIEL a1., vyd. aBratislavabTatranc1986eMartinfTlačiarne SNP a235 s., 33,50 AHc20 cm0 aZlatý fond svetovej literatúryvZv. 79. aSéria: Guy de Maupassant. Zv. 2. Cena za 1.-3. zv. 115 Kčs. Rozlož. tit. list.1 aBártová, Miroslava4trl1 aVantuch, Anton4trl1 aWursterová, Alica4trl1 aHrach, Pavel4bkd1 aHladík, Ján4bkd1 aVantuch, Anton4oth